| 000 | 00899nam a22002417a 4500 | ||
|---|---|---|---|
| 001 | 20459 | ||
| 003 | UA-OsUOA | ||
| 005 | 20210915214808.0 | ||
| 007 | ta | ||
| 008 | 20031029b un ||||| |||| 00| 0 ukr d | ||
| 040 |
_aUA-OsUOA _brus _cUA-OsUOA _dUA-OsUOA |
||
| 041 | _arus | ||
| 044 | _aRU | ||
| 080 | _a910.4(94:9) | ||
| 090 |
_a910.4(94:9) _bМ85 |
||
| 100 | _aМоусон Д. | ||
| 245 |
_aРодина снежных бурь: История Австралийской антарктической экспедиции 1911-1914 годов, написаная сэром Дугласом Моусоном, доктором естественных наук, бакалавром инженерных наук _cред. Е. М. Сузюмова |
||
| 260 |
_aМосква _bМысль _c1967 |
||
| 300 |
_a334 с. _bІлюстрації |
||
| 650 | 7 | _2UDC | |
| 942 |
_cBK _2udc |
||
| 955 | _a0 | ||
| 999 |
_c306636 _d306636 |
||